US Colleges With the Best Alumni Base - Statistics

General Stats
  • This quiz has been taken 68 times
  • The average score is 19 of 50
Answer Stats
Hint Answer % Correct
3 Harvard
92%
21 UCLA
86%
2 Stanford
80%
25 Michigan
78%
37 Texas
75%
1 Princeton
73%
45 Florida
71%
22 USC
69%
6 Dartmouth
68%
5 Brown
64%
15 Cornell
64%
32 North Carolina
64%
13 Notre Dame
64%
8 Duke
59%
41 Wisconsin
58%
10 Columbia
56%
17 Northwestern
54%
7 Rice
49%
27 Georgetown
47%
31 Virginia
46%
24 California
44%
46 Georgia Tech
42%
44 Purdue
42%
11 Chicago
39%
28 Johns Hopkins
37%
20 CalTech
36%
34 Wake Forest
34%
48 BYU
29%
35 Carnegie Mellon
24%
47 Northeastern
20%
4 Amherst
19%
43 UC Davis
19%
12 Washington St Louis
15%
50 Connecticut
12%
19 Hamilton
12%
49 Lehigh
12%
9 Smith
12%
36 Bentley
10%
38 Oberlin
10%
23 Swarthmore
10%
42 Butler
8%
29 Holy Cross
8%
18 Middlebury
8%
33 Trinity
8%
26 Colby
7%
39 Santa Clara
7%
16 Bates
5%
40 Gettysburg
5%
30 Richmond
5%
14 Carleton
3%
No matching quizzes found
Score Distribution
Percent of People with Each Score
Percentile by Number Answered
Your Score History
You have not taken this quiz